Los socialistas y la revolución en Costa Rica: informe político presentado al Congreso del Partido Socialista Costarricense
Sparad:
| Huvudupphovsman: | |
|---|---|
| Institutionell upphovsman: | |
| Materialtyp: | Text |
| Publicerad: |
San José:
Ediciones Pensamiento Revolucionario
|
| Ämnen: | |
| Taggar: |
Lägg till en tagg
Inga taggar, Lägg till första taggen!
|
MARC
| LEADER | 00000 a a2200000 04500 | ||
|---|---|---|---|
| 001 | 19434 | ||
| 003 | |||
| 040 | |a CRAI/IIS |c CRAI/IIS | ||
| 090 | |a 146000 | ||
| 100 | |a Montero Mejía, Alvaro | ||
| 110 | |a Partido Socialista Costarricense | ||
| 245 | |a Los socialistas y la revolución en Costa Rica: informe político presentado al Congreso del Partido Socialista Costarricense | ||
| 260 | |a San José: |b Ediciones Pensamiento Revolucionario | ||
| 300 | |a 104 p. | ||
| 650 | |a SOCIALISMO | ||
| 650 | |a SOCIALISTAS | ||
| 650 | |a PARTIDOS POLITICOS | ||
| 650 | |a IDEOLOGIAS | ||
| 999 | |c 8427 |d 8427 | ||
